| 000 | 00588nam a2200181Ia 4500 | ||
|---|---|---|---|
| 001 | 7616 | ||
| 003 | GE_BSU | ||
| 008 | 181216s||||||||xx |||||||||||||| ||und|| | ||
| 040 | _cGE_BSU | ||
| 245 | _aМировая экономика и международные отношения.№6. 2013 | ||
| 245 | _cГл. ред. А.В.Рябов. и др. | ||
| 260 | _aМосква | ||
| 260 | _bИздателство наука. | ||
| 260 | _c2013. | ||
| 300 | _a122ст,29см. | ||
| 653 | _aМировая экономика и международные отношения. | ||
| 942 | _cCR | ||
| 999 |
_c40968 _d40968 |
||